00556nam a22001692 4500001001100000005001700011008004100028040001500069100003400084245010500118250001300223260003400236300001600270600004000286651005700326852000300383000001192520151217155848.0090121s xx 000 0 eng d aKABUcKABU1 aStanley, Henry M.@000014865610aIn darkest Africa or the Quest rescue and retreat of Emin governor of Equatoria /cHenry M. Stanley. a1st ed. aLondon :bSampson Low,c1890. axv, 529 p.10aEmin Pasha,d1840-1892.@0000167989 0aAfrica, CentralxDescription and travel.@00001486741